000
00314nam a2200109Ia 4500
008
180323s9999 xx 000 0 und d
020
_a
9789712368196
100
_a
Abulencia, Efren F.
245
_a
Fundamentals of business communication /
260
_a
Quezon City :
_b
2014
_c
REX printing
300
_a
vii, 162 pages
999
_c
356374
_d
356374